000
00277nam a2200109Ia 4500
008
230907s9999||||xx |||||||||||||| ||und||
082
_a
6.3
_b
IAF
100
_a
Iafrate, Fernando.
_9
115946
245
0
_a
Artificial intelligence and big data /
300
_a
pages cm
942
_c
BK
999
_c
600408
_d
600408